Central Library OPAC University of Rajshahi

The Arthurian legend : (Record no. 17926)

MARC details
000 -LEADER
fixed length control field 00831cam a2200253u 4500
001 - CONTROL NUMBER
control field 17926
003 - CONTROL NUMBER IDENTIFIER
rucl marc code BD-RjUL
005 - DATE AND TIME OF LATEST TRANSACTION
control field 20211209000219.0
008 - FIXED-LENGTH DATA ELEMENTS--GENERAL INFORMATION
fixed length control field 140219r19601938stk 001 0 eng d
035 ## - SYSTEM CONTROL NUMBER
System control number (BD-RjUL)17984
040 ## - CATALOGING SOURCE
Original cataloging agency DLC
Transcribing agency CarP
Modifying agency DLC
-- BD-RjUL
Language of cataloging eng
041 ## - LANGUAGE CODE
Language code of text/sound track or separate title eng
082 00 - DEWEY DECIMAL CLASSIFICATION NUMBER
Classification number 821.09
Author mark and year REA 1960
100 1# - MAIN ENTRY--PERSONAL NAME
Personal name Reid, Margaret Jane Cornfute,
Dates associated with a name 1886- [from old catalog]
9 (RLIN) 55301
245 14 - TITLE STATEMENT
Title The Arthurian legend :
Remainder of title Comparison of Treatment in Modern and Medieval Literature /
260 ## - PUBLICATION, DISTRIBUTION, ETC. (IMPRINT)
Place of publication, distribution, etc. Edinburgh :
Name of publisher, distributor, etc. Oliver and Boyd,
Date of publication, distribution, etc. c1938 [Reprinted 1960]
300 ## - PHYSICAL DESCRIPTION
Pagination viii,277p. ;
Size 24cm.
504 ## - BIBLIOGRAPHY, ETC. NOTE
Bibliography, etc Includes Index
650 #0 - SUBJECT ADDED ENTRY--TOPICAL TERM
Topical term or geographic name as entry element Arthurian romances
General subdivision History and criticism.
9 (RLIN) 20422
Topical term or geographic name as entry element Comparative literature
General subdivision Themes, motives.
9 (RLIN) 54239
942 ## - ADDED ENTRY ELEMENTS (KOHA)
Source of classification or shelving scheme Dewey Decimal Classification
Koha item type Books
Holdings
Lost status Source of classification or shelving scheme Damaged status Not for loan Collection code Permanent Location Current Location Shelving location Date acquired Source of acquisition Cost, normal purchase price Total Checkouts Full call number Date last seen Copy number Koha item type
  Dewey Decimal Classification   Not For Loan Non-fiction Central Library, University of Rajshahi Central Library, University of Rajshahi Reading Room 14/10/1965 Blackwell 21.00   821.09 REA 1960 19/02/2014 C-1 Books